[Event "CZE-tht Extraliga 2018-19"]
[Site "Czech Republic"]
[Date "2019.04.19"]
[Round "9.2"]
[White "Markowski, Tomasz"]
[Black "Kociscak, Jiri"]
[Result "1/2-1/2"]
[WhiteElo "2544"]
[BlackElo "2496"]
[Annotator "TA"]
[PlyCount "178"]
[EventDate "2018.11.03"]
[EventType "team-tourn"]
[EventCountry "CZE"]
[SourceTitle "playchess.com"]
[Source "ChessBase"]
[SourceQuality "1"]
[WhiteTeam "Poruba"]
[BlackTeam "Ostrava"]

{[%evp 10,178,11,3,41,38,70,40,67,66,79,47,50,25,26,20,82,12,23,6,6,24,19,14,20,6,9,9,6,-8,16,14,23,0,0,2,13,13,33,7,13,16,54,20,18,20,34,12,33,29,36,14,16,13,31,0,0,0,0,0,0,0,0,0,0,0,0,0,0,0,0,-20,-41,-126,-137,-137,-118,-104,-99,-120,-144,-140,-134,-198,-176,-167,-184,-208,-208,-208,-208,-208,-208,-208,-200,-200,-200,-221,-168,-168,-168,-168,-168,-168,-168,-168,-168,-168,-168,-168,-168,-168,-57,-49,0,-168,-168,-168,-168,-168,-168,-168,-168,-168,-168,-168,-168,-168,-168,-168,-168,-168,-168,-168,-168,-168,-168,-168,-168,-168,-168,-168,-168,-168,-168,-168,-168,-168,-168,-168,-129,-129,-129,-129,-57,-129,-129,-168,-129,-129,-129,-129,-129,-122,-122,-120,-122,-168,-14,-16,-8]} 1. d4 d5 2. Nf3 e6 3. e3 c5 4. b3 Nf6 5. Bb2 Nc6 6. Bd3 Qb6 {D05: Colle System with ...e6} (6... b6 7. O-O Bb7 8. Ne5 Bd6 9. Nd2 O-O 10. a3 Ne7 11. dxc5 bxc5 12. c4 Ng6 13. Nxg6 hxg6 14. cxd5 exd5 {½-½ (40) Nakamura,H (2763)-Le,Q (2715) chess.com INT 2018}) 7. O-O a5 $146 ({Predecessor:} 7... Be7 8. dxc5 Qxc5 9. a3 Qd6 {½-½ (9) Jacobi,R (2208)-Solonar,S (2330) Germany 2013}) 8. Nc3 cxd4 {White is slightly better.} 9. Na4 Qc7 10. exd4 Bd7 11. c4 Nb4 12. Nc3 Be7 {[#]} (12... Nxd3 $11 {keeps the balance.} 13. Qxd3 Bc6) 13. Rc1 (13. Be2 $1 $16) 13... Nxd3 $11 14. Qxd3 {White wants to play cxd5.} dxc4 15. bxc4 O-O 16. Ne5 Bc6 17. Rfd1 Rfd8 18. Qe2 Bd6 19. Nxc6 (19. Re1 {is more complex.} Qe7 20. f3 a4 21. Red1 a3 22. Ba1) 19... bxc6 20. g3 Qb7 21. Rc2 Be7 22. Bc1 Qa6 23. Bf4 Rd7 24. Be3 Rb8 25. Na4 {[%cal Bc3a4,Ba4b2,Bb2d3,Bd3e5][%mdl 32]} Rdb7 26. Nb2 a4 27. Nd3 a3 28. Kg2 Qa4 29. Rcc1 h6 30. Qf3 Rb2 31. Ne5 ({But not} 31. Nxb2 axb2 32. Qf4 Rb7 $17) 31... Rc8 32. d5 cxd5 33. cxd5 Rxc1 34. Rxc1 Qe4 35. Rc8+ Kh7 36. d6 Bxd6 37. Nxf7 Be7 38. Qxe4+ Nxe4 39. h4 Nf6 ({Don't play} 39... Rxa2 $6 40. h5 $16) 40. Bd4 Rxa2 41. Rh8+ ({Better is} 41. h5 $15 Nxh5 42. Rh8+ Kg6 43. Ne5+ Kf6 44. Ra8) 41... Kg6 $17 42. Ne5+ Kf5 43. Kf3 {Black should prevent g4+.} Rd2 44. Nc6 {[%cal Rc6e7]} Bd6 45. Rd8 e5 46. Bxe5 (46. Rxd6 $17 {was called for.} exd4 47. Ne7+ Ke5 48. Ra6) 46... Ng4 {[%csl Gg4][%cal Rd2f2]} 47. Bd4 {[#]} Be5 $1 48. Rf8+ Bf6 49. Ra8 {With the idea Ra5+.} Bxd4 50. Nxd4+ Rxd4 51. Rxa3 $19 {[%mdl 4096] Endgame KRN-KR} Ne5+ 52. Kg2 Rd2 53. Ra8 g5 54. hxg5 hxg5 55. Rf8+ Ke4 56. Rg8 g4 57. Rg5 Rc2 58. Rg8 Rc1 59. Rf8 Nd3 60. Re8+ Kd4 (60... Kf5 $19 61. f4 Ne1+ 62. Kg1 Nd3+ 63. Kg2 Nb2 64. Rf8+ Ke6 65. f5+ Ke7) 61. Rd8+ $1 $15 Ke4 (61... Kc3 $15 62. Rc8+ Kb2 63. Rb8+ Ka3) 62. Re8+ $1 $19 Kf5 {( -> ...Ne1+)} 63. Rf8+ Ke6 64. Rg8 Ne5 65. Re8+ Kd6 66. Rg8 Rc2 67. Rd8+ Ke6 68. Rd4 Rc1 69. Rf4 Kd5 70. Ra4 Rb1 71. Ra5+ Kd4 72. Ra4+ Nc4 73. Ra8 Rb2 74. Rd8+ Ke4 75. Rf8 Ne5 76. Rf4+ Kd3 77. Ra4 Rb1 78. Rf4 Rb7 79. Ra4 Nc4 80. Ra8 Rf7 {aiming for ...Rf6.} 81. Rd8+ Ke4 (81... Kc3 $17 {...Ne5 is the strong threat.} 82. Rd5 Rb7) 82. Re8+ (82. Rg8 $1 $15) 82... Ne5 $17 {Hoping for ...Rc7.} 83. Rg8 Rf5 84. Rg7 Kd5 {White must now prevent ...Rf8.} 85. Rg8 Ke6 {Threatens to win with ...Kf7.} 86. Re8+ Kf7 87. Rd8 Rf3 {And now ...Ra3 would win.} 88. Rd4 Kf6 $2 {[#]} (88... Ra3 $19 {Strongly threatening ...Ra1.} 89. Rf4+ Ke6) 89. Rxg4 $1 $11 {[%mdl 512]} Rxf2+ {Accuracy: White = 62%, Black = 54%.} (89... Nxg4 90. Kxf3) 1/2-1/2

[Event "CZE-tht Extraliga 2018-19"]
[Site "Czech Republic"]
[Date "2019.04.19"]
[Round "9.2"]
[White "Shengelia, David"]
[Black "Heberla, Bartlomiej"]
[Result "0-1"]
[WhiteElo "2530"]
[BlackElo "2553"]
[Annotator "TA"]
[PlyCount "117"]
[EventDate "2018.11.03"]
[EventType "team-tourn"]
[EventCountry "CZE"]
[SourceTitle "playchess.com"]
[Source "ChessBase"]
[SourceQuality "1"]
[WhiteTeam "Duras"]
[BlackTeam "Brno"]

{[%evp 11,117,-5,41,0,13,12,0,0,0,-20,-15,-19,-27,-18,0,0,64,63,93,94,93,58,61,59,54,27,33,36,43,20,23,44,20,19,28,29,30,23,43,23,32,28,13,-22,-26,-102,-102,-101,-91,-127,-108,-118,-126,-229,-220,-217,-137,-131,-80,-130,-107,-158,-152,-134,-95,-83,-69,-140,-135,-149,-141,-147,-136,-128,-135,-221,-201,-253,-256,-254,-246,-349,-343,-479,-481,-470,-470,-330,-133,-480,-487,-1550,-1366,-29977,-29978,-29979,-29980,-29978,-29979,-29981,-29982,-29982,-29983,-29983,-29984,-29984,-29984,-29982]} 1. d4 Nf6 2. c4 d6 3. g3 e5 4. dxe5 dxe5 5. Qxd8+ Kxd8 6. Bg2 c6 7. Nc3 {A53: Old Indian Defence without Nf3} Be6 8. b3 Nbd7 9. Bb2 {The position is equal.} Bb4 10. Nh3 $146 ({Predecessor:} 10. O-O-O Ke7 11. h3 a5 12. e3 a4 13. Nge2 Nc5 14. Nxa4 Nxa4 15. bxa4 Rxa4 16. Nc3 Ra5 17. a3 Bxa3 18. Bxa3+ Rxa3 {0-1 (18) Kaouri,M (2118)-Sargissian,G (2652) Beirut 2017}) 10... h6 11. O-O Ng4 12. Rfd1 Kc7 13. Rac1 $1 {[%cal Ba1c1,Bc1c3,Bc3e3][%mdl 32] And now Nd5+! would win.} Bxc3 (13... a5 $11) 14. Rxc3 $14 Rad8 15. f3 Ngf6 16. Re3 Rhe8 17. Nf2 Bf5 18. g4 Bc2 19. Rc1 Bh7 20. b4 Ng8 21. b5 c5 22. Ra3 Ne7 23. f4 Nc8 $1 24. f5 Nd6 25. Rxa7 {Strongly threatening Ne4.} Ra8 26. Rxa8 Rxa8 27. a3 f6 28. Bd5 (28. Ne4 $11 {keeps the balance.} Nxe4 29. Bxe4) 28... Bg8 $17 29. Bxg8 Rxg8 30. Nd1 Nb6 31. Ne3 Ra8 32. Kg2 (32. Rc2 $17) 32... Ra4 $19 33. Rc3 Ndxc4 34. Bc1 e4 (34... Kd7 $142 35. Kf3 e4+ $1 {[%mdl 512]} 36. Kf2 Kd6) 35. Kf2 Kd6 $1 36. h4 (36. Rc2 $142) 36... Ne5 $17 37. g5 hxg5 38. hxg5 fxg5 39. Rc2 ({White should play} 39. Nd1 $15) 39... Nbc4 40. Nxc4+ Nxc4 (40... Rxc4 41. Rxc4 Nxc4 42. Kg3 $17) 41. Bxg5 {[%mdl 4096] Endgame KRB-KRN} Ke5 (41... Nxa3 $6 42. Ra2 $11) 42. b6 Kd5 $1 (42... Nxb6 $6 43. Rxc5+ Nd5 44. Rb5 $11) 43. Be7 (43. Rc1 $17 {is a better defense.}) 43... Ra8 $1 $19 ({Resist} 43... Rxa3 44. Bf8) 44. Rc1 {[#]} Re8 $1 {[%cal Re8e7]} ({And not} 44... Rxa3 45. Rd1+ Kc6 46. Rg1 $11) 45. Rd1+ Kc6 46. Rc1 (46. Bh4 $142) 46... e3+ ({Less strong is} 46... Rxe7 47. Rxc4 Rf7 48. Rxe4 $17) 47. Kg3 Rxe7 48. Rxc4 Kxb6 {KR-KR} 49. Rh4 Kb5 (49... Kc7 $19 {and Black stays clearly on top.} 50. a4 Kd6) 50. Rh7 $2 {[%mdl 8192] [#]} (50. Kf3 $17 {was the crucial defense.}) 50... Rf7 $1 51. Kg4 (51. Kf3 $142 Ka4 52. Kxe3) 51... c4 52. Rh8 Rc7 {Black mates.} 53. Kf3 c3 54. Rh1 c2 55. Rc1 Rc3 56. Ke4 Kc4 57. a4 Kb3 58. Kd4 Kb2 59. Rh1 {Accuracy: White = 36%, Black = 69%.} 0-1

[Event "CZE-tht Extraliga 2018-19"]
[Site "Czech Republic"]
[Date "2019.04.19"]
[Round "9.2"]
[White "Ftacnik, Lubomir"]
[Black "Movsesian, Sergei"]
[Result "1/2-1/2"]
[WhiteElo "2516"]
[BlackElo "2637"]
[Annotator "TA"]
[PlyCount "31"]
[EventDate "2018.11.03"]
[EventType "team-tourn"]
[EventCountry "CZE"]
[SourceTitle "playchess.com"]
[Source "ChessBase"]
[SourceQuality "1"]
[WhiteTeam "Turnov"]
[BlackTeam "Pardubice"]

{[%evp 18,31,14,3,22,12,21,25,20,22,26,0,17,0,28,0]} 1. Nf3 Nf6 2. c4 e6 3. g3 d5 4. d4 Bb4+ 5. Bd2 Be7 6. Bg2 c6 7. Qc2 Nbd7 8. O-O O-O 9. Rd1 b6 10. b3 Bb7 {E11: Bogo-Indian} 11. Nc3 h6 12. Bf4 Nh5 13. Bc1 {[#]} Nhf6 $146 ({Predecessor:} 13... f5 14. e3 Bd6 15. Bb2 Rc8 16. Ne2 Qe7 17. Nf4 Nxf4 18. exf4 Rfd8 19. Qe2 Nf6 20. Rac1 Ne4 21. Nd2 c5 22. Nxe4 {½-½ (22) Ragger,M (2632)-Matlakov,M (2689) Saint-Quentin 2014}) 14. Bf4 Nh5 15. Bc1 Nhf6 16. Bf4 1/2-1/2

[Event "CZE-tht Extraliga 2018-19"]
[Site "Czech Republic"]
[Date "2019.04.19"]
[Round "9.3"]
[White "Ragger, Markus"]
[Black "Cernousek, Lukas"]
[Result "1-0"]
[WhiteElo "2687"]
[BlackElo "2438"]
[Annotator "TA"]
[PlyCount "43"]
[EventDate "2018.11.03"]
[EventType "team-tourn"]
[EventCountry "CZE"]
[SourceTitle "playchess.com"]
[Source "ChessBase"]
[SourceQuality "1"]
[WhiteTeam "Novoborsky"]
[BlackTeam "Siesta"]

{[%evp 10,43,12,0,14,8,19,10,11,7,26,43,79,81,114,124,123,119,112,133,129,106,258,245,242,234,362,253,264,180,316,317,319,323,317,316]} 1. e4 e5 2. Nf3 Nf6 3. Nxe5 d6 4. Nc4 Nxe4 5. Qe2 Qe7 6. Ne3 c6 {C42: Petroff Defence: 3 Nxe5 and unusual White 3rd moves} (6... Be6 7. c4 Nc6 8. Nc3 Nf6 9. Ncd5 Qd8 10. b3 Be7 11. Bb2 O-O 12. g3 Nxd5 13. cxd5 Bf6 14. dxc6 Bxb2 {½-½ (31) Sethuraman,S (2637)-Abasov,N (2627) Astana 2019}) 7. b3 Qf6 8. c3 $1 Be7 {The position is equal.} 9. d4 O-O 10. Qc2 Ng5 $146 ({Predecessor:} 10... d5 11. Bd3 Qh4 12. O-O Bd6 13. g3 Qe7 14. Re1 {1-0 (37) Kalezic,B (2449)-Petijevic,V (2252) Niksic 2018}) 11. Bd3 $36 {[%mdl 2048] White is really pushing.} h5 {[#]} 12. f4 $1 {[%mdl 512]} Ne6 {[#]} (12... Qxf4 13. Nf5) 13. O-O $1 d5 14. Qd1 Re8 15. Kh1 Bd6 $2 (15... Nc7 $16 {was called for.}) 16. Qxh5 $18 g6 17. Ng4 Qg7 (17... Qh8 $142 18. Bxg6 Qxh5 19. Bxh5 Kg7) 18. Qh4 Be7 19. Qg3 {Threatens to win with f5.} Nxd4 (19... f5 $142) 20. cxd4 {Hoping for f5.White has a decisive advantage.} Bxg4 21. Qxg4 Qxd4 22. Qe2 {Accuracy: White = 98%, Black = 33%.} 1-0

[Event "CZE-tht Extraliga 2018-19"]
[Site "Czech Republic"]
[Date "2019.04.19"]
[Round "9.3"]
[White "Hracek, Zbynek"]
[Black "Cyborowski, Lukasz"]
[Result "1-0"]
[WhiteElo "2585"]
[BlackElo "2517"]
[Annotator "ChessBase"]
[PlyCount "39"]
[EventDate "2018.11.03"]
[EventType "team-tourn"]
[EventCountry "CZE"]
[SourceTitle "playchess.com"]
[Source "ChessBase"]
[SourceQuality "1"]
[WhiteTeam "Pardubice"]
[BlackTeam "Turnov"]
[TimeControl "40/5400+30:1800+30"]

1. e4 {[%emt 0:00:00]} e5 {[%emt 0:00:10]} 2. Nf3 {[%emt 0:01:07]} Nf6 {[%emt 0:00:53]} 3. Nxe5 {[%emt 0:00:07]} d6 {[%emt 0:00:04]} 4. Nf3 {[%emt 0:00:05]} Nxe4 {[%emt 0:00:09]} 5. Nc3 {[%emt 0:00:02]} Nxc3 {[%emt 0:01:08]} 6. dxc3 {[%emt 0:01:38]} Be7 {[%emt 0:00:11]} 7. Be3 {[%emt 0:00:06]} O-O {[%emt 0:03:04]} 8. Qd2 {[%emt 0:00:17]} Nd7 {[%emt 0:00:15]} 9. O-O-O {[%emt 0:00:08]} Re8 {[%emt 0:00:14]} 10. Bd3 {[%emt 0:05:53]} Nf6 {[%emt 0:02:20]} 11. Rhe1 {[%emt 0:03:23]} Bd7 {[%emt 0:05:09]} 12. Bd4 {[%emt 0:02:55]} h6 {[%emt 0:30:57]} 13. c4 {[%emt 0:04:48]} c5 {[%emt 0:14:19]} 14. Bc3 {[%emt 0:05:40]} Bc6 {[%emt 0:02:07]} 15. Qf4 {[%emt 0:03:56]} Nh5 {[%emt 0:04:54]} 16. Qg4 {[%emt 0:08:10]} Nf6 {[%emt 0:01:14]} 17. Qh3 {[%emt 0:03:08]} Bf8 {[%emt 0:19:15]} 18. Qf5 Qc8 {[%emt 0:04:49]} 19. Rxe8 {[%emt 0:20:08]} Qxf5 {[%emt 0:00:08]} 20. Rxf8+ {[%emt 0:00:11]} 1-0

[Event "CZE-tht Extraliga 2018-19"]
[Site "Czech Republic"]
[Date "2019.04.19"]
[Round "9.3"]
[White "Tazbir, Marcin"]
[Black "Ponizil, Cyril"]
[Result "1/2-1/2"]
[WhiteElo "2540"]
[BlackElo "2501"]
[Annotator "ChessBase"]
[PlyCount "50"]
[EventDate "2018.11.03"]
[EventType "team-tourn"]
[EventCountry "CZE"]
[SourceTitle "playchess.com"]
[Source "ChessBase"]
[SourceQuality "1"]
[WhiteTeam "Brno"]
[BlackTeam "Duras"]
[TimeControl "40/5400+30:1800+30"]

1. e4 {[%emt 0:00:00]} c5 {[%emt 0:00:00]} 2. Nc3 {[%emt 0:01:07]} e6 {[%emt 0:00:00]} 3. Nf3 {[%emt 0:01:56]} a6 {[%emt 0:01:44]} 4. g3 {[%emt 0:00:51]} b5 {[%emt 0:00:10]} 5. Bg2 {[%emt 0:00:06]} Bb7 {[%emt 0:00:03]} 6. d3 {[%emt 0:01:26]} b4 {[%emt 0:02:06]} 7. Nb1 {[%emt 0:00:40]} Nf6 {[%emt 0:00:05]} 8. c4 {[%emt 0:04:00]} d6 {[%emt 0:02:27]} 9. O-O {[%emt 0:00:33]} Be7 {[%emt 0:01:35]} 10. Re1 {[%emt 0:03:07]} O-O {[%emt 0:01:10]} 11. Nbd2 {[%emt 0:00:29]} Nc6 {[%emt 0:00:11]} 12. Nf1 {[%emt 0:01:27]} a5 {[%emt 0:00:46]} 13. a4 {[%emt 0:05:34]} Nd7 {[%emt 0:01:53]} 14. h3 {[%emt 0:07:59]} Nde5 {[%emt 0:05:01]} 15. N3h2 {[%emt 0:05:55]} Nd4 {[%emt 0:00:05]} 16. f4 {[%emt 0:00:33]} Nec6 {[%emt 0:01:11]} 17. b3 {[%emt 0:00:42]} f5 {[%emt 0:04:17]} 18. Ne3 {[%emt 0:06:06]} Bf6 {[%emt 0:00:02]} 19. Rb1 {[%emt 0:01:00]} g6 {[%emt 0:08:55]} 20. Nd5 {[%emt 0:08:53]} Bg7 {[%emt 0:00:04]} 21. Nf3 {[%emt 0:07:25]} Nxf3+ {[%emt 0:17:16]} 22. Qxf3 {[%emt 0:01:31]} Kh8 {[%emt 0:06:20]} 23. Kh2 {[%emt 0:02:14]} Nd4 {[%emt 0:04:49]} 24. Qf2 {[%emt 0:01:20]} Ra7 {[%emt 0:00:08]} 25. Bb2 {[%emt 0:04:45]} Bxd5 {[%emt 0:00:25]} 1/2-1/2

[Event "CZE-tht Extraliga 2018-19"]
[Site "Czech Republic"]
[Date "2019.04.19"]
[Round "9.3"]
[White "Jakubiec, Artur"]
[Black "Bobras, Piotr"]
[Result "1/2-1/2"]
[WhiteElo "2474"]
[BlackElo "2484"]
[Annotator "TA"]
[PlyCount "73"]
[EventDate "2018.11.03"]
[EventType "team-tourn"]
[EventCountry "CZE"]
[SourceTitle "playchess.com"]
[Source "ChessBase"]
[SourceQuality "1"]
[WhiteTeam "Ostrava"]
[BlackTeam "Poruba"]

{[%evp 19,73,16,27,32,20,31,31,0,12,0,0,-32,-19,-28,-22,-43,-33,-112,-95,-143,-140,-135,-100,-91,-91,-220,-135,-143,-143,-171,-179,-186,-190,-252,-137,-143,-137,-129,-137,-133,-145,-191,-152,-119,-33,-48,0,0,0,0,0,0,0,0,0,0]} 1. e4 c5 2. Nf3 d6 3. g3 Nc6 4. Bg2 Nf6 5. d3 g6 6. O-O Bg7 7. Re1 O-O 8. c3 Bg4 9. h3 Bxf3 10. Bxf3 Nd7 11. Bg2 {A05: Réti Opening: 1 Nf3 Nf6} Qc7 (11... Rb8 12. Be3 Qc7 13. Na3 b5 14. Nc2 b4 15. d4 a5 16. Qd2 a4 17. Bf1 bxc3 18. bxc3 Qa5 {0-1 (30) Ljubojevic,L (2600)-Anand,V (2715) Monte Carlo 1994}) 12. Be3 b5 {[%cal Bb7b5,Bb5b4][%mdl 32]} 13. d4 {White is slightly better.} b4 14. d5 $146 ({Predecessor:} 14. a3 bxc3 15. bxc3 Rab8 16. Qd3 Rb3 17. Nd2 Rxc3 18. Qxc3 cxd4 19. Bxd4 Bxd4 {0-1 (28) Preuschoff,M (2283)-Kohlweyer,B (2452) Germany 2003}) 14... Nce5 {[%cal Bc6e5,Be5c4,Bc4b2][%mdl 32]} 15. f4 Nc4 16. Bc1 bxc3 17. Nxc3 Qa5 18. e5 (18. Qd3 $15 Nxb2 19. Bxb2) 18... Rab8 $17 ({Don't play} 18... dxe5 $6 19. d6 $11) 19. Re4 Nxb2 20. Qc2 f5 $36 {[%mdl 2048] Black is really pushing.} 21. exf6 Bxf6 22. Bd2 (22. Bxb2 $17 {only move.} Rxb2 {[%mdl 64] Remove Defender} 23. Qxb2 Bxc3 24. Qc1 Bxa1 25. Qxa1) 22... c4 23. Rb1 Qa3 24. Kh2 Nc5 25. Re3 Nbd3 26. Ne4 (26. h4 {was necessary.}) 26... Nxe4 (26... Qa4 $19 27. Nxf6+ exf6 28. Qxa4 Nxa4 29. Rxb8 Rxb8) 27. Bxe4 {[#] Strongly threatening Rxb8.} Rxb1 28. Qxb1 {[%cal Re4d3]} Qb2 29. Qxb2 Nxb2 30. Ra3 Rb8 {[#] aiming for ...Nd1.} 31. Kg2 Rb7 (31... Nd1 $17 {...Rb2 is the strong threat.} 32. Kf3 Bd4) 32. Kf3 $15 c3 33. Bxc3 {The position is equal.} Nc4 34. Rb3 Rxb3 35. axb3 Bxc3 36. bxc4 Bd4 37. Bc2 {Accuracy: White = 35%, Black = 73%.} 1/2-1/2

[Event "CZE-tht Extraliga 2018-19"]
[Site "Czech Republic"]
[Date "2019.04.19"]
[Round "9.3"]
[White "Mroziak, Maciej"]
[Black "Fedorov, Alexei"]
[Result "0-1"]
[WhiteElo "2375"]
[BlackElo "2563"]
[Annotator "TA"]
[PlyCount "110"]
[EventDate "2018.11.03"]
[EventType "team-tourn"]
[EventCountry "CZE"]
[SourceTitle "playchess.com"]
[Source "ChessBase"]
[SourceQuality "1"]
[WhiteTeam "Cesky Tesin"]
[BlackTeam "Beskydska"]

{[%evp 16,110,0,2,0,-24,-30,-33,-29,-29,0,0,-6,-20,-16,-14,-5,-9,-3,-15,0,-18,0,0,0,-3,-3,-5,-3,-6,0,-10,-8,-10,0,-15,0,0,0,0,0,0,0,0,0,0,0,0,0,-16,-17,-32,0,-14,0,-8,-8,-15,-14,-8,-8,-4,0,-17,-28,-35,0,-41,-8,-9,-4,-68,-67,-70,-61,-100,-93,-271,-294,-285,-208,-294,-294,-402,-400,-1810,-1716,-12823,-6095,-6115,-6408,-29982,-29982,-29982,-29983,-29978,-7513]} 1. e4 c5 2. c3 Nf6 3. e5 Nd5 4. d4 cxd4 5. Nf3 d6 6. cxd4 dxe5 7. Nxe5 Nc6 8. Bc4 e6 9. O-O Be7 {B22: Sicilian: 2 c3} 10. Nc3 (10. Qd3 {looks sharper.} Ndb4 11. Nxc6 bxc6 12. Qe4 Nd5 13. Nc3) (10. Nf3 O-O 11. Nc3 Nxc3 12. bxc3 b6 13. Re1 Bb7 14. Bd3 Rc8 15. Bd2 Bf6 16. h4 Na5 17. Ng5 Bxg5 18. hxg5 Nc4 19. Bf4 {½-½ (83) Pourramezanali,A (2535)-Kokarev,D (2608) St Petersburg 2018}) 10... Nxc3 11. bxc3 Nxe5 {Black is slightly better.} 12. dxe5 Qxd1 (12... Qa5 {is more complex.} 13. Qg4 O-O 14. Qg3 Rd8 15. Bh6 g6) 13. Rxd1 {[#] Black must now prevent Bb5+.} Bd7 14. Rb1 b6 15. Ba6 Rd8 $146 ({Predecessor:} 15... Bc5 16. Kf1 Ba4 17. Re1 {½-½ (51) Arribas Robaina,M (2280)-Galego,L (2493) Santa Clara 2005}) 16. Be3 O-O 17. Kf1 Bc6 18. f3 f6 19. exf6 gxf6 20. Rd4 Rxd4 21. cxd4 Bd6 22. h3 Kf7 23. Ke2 h5 24. Rc1 Bd5 (24... Bd7 {seems wilder.} 25. f4 Rb8 26. Kf2 h4 27. Bc4 Ke7) 25. Bc4 (25. a4 {feels hotter.} Rg8 26. Kf1 Ra8 27. Bd3 Bb3 28. Rc6) 25... h4 26. Bxd5 exd5 $11 {[%mdl 4096] Endgame KRB-KRB} 27. Bf2 Rg8 28. Kf1 Rh8 29. a4 Ke6 30. Be1 Kd7 31. Rc2 f5 32. Bf2 Be7 33. Be3 Bd6 34. Ke2 f4 {Strongly threatening ...Re8.} 35. Bf2 Rg8 36. Kf1 $1 Be7 37. Be1 Rg6 38. Bd2 Bg5 39. Ke2 Bh6 40. Kf1 a5 41. Be1 Bg5 42. Re2 Bf6 43. Bd2 ({White should play} 43. Rb2 $11 Kc6 44. Rc2+ Kd7 45. Rc1) 43... Bxd4 $15 44. Bxf4 Rc6 45. Rd2 Rc4 46. Bg5 $2 (46. Ra2 $17) 46... Rxa4 $19 47. Bxh4 {[#]} b5 $1 {[%cal Bb6b5,Bb5b4,Bb4b3,Bb3b2][%mdl 32]} 48. Ke2 (48. g4 {keeps fighting.}) 48... Rc4 49. Bg5 b4 50. h4 (50. Ra2 $142 b3 51. Rxa5) 50... b3 51. h5 b2 52. Rd1 a4 {[%cal Ba5a4,Ba4a3][%mdl 32]} 53. h6 a3 {Black mates.} 54. h7 Bh8 55. Rxd5+ Kc6 {Accuracy: White = 31%, Black = 75%.} 0-1

[Event "CZE-tht Extraliga 2018-19"]
[Site "Czech Republic"]
[Date "2019.04.19"]
[Round "9.3"]
[White "Slovak, Kilian"]
[Black "Landa, Konstantin"]
[Result "0-1"]
[WhiteElo "2247"]
[BlackElo "2620"]
[Annotator "TA"]
[PlyCount "64"]
[EventDate "2018.11.03"]
[EventType "team-tourn"]
[EventCountry "CZE"]
[SourceTitle "playchess.com"]
[Source "ChessBase"]
[SourceQuality "1"]
[WhiteTeam "Siesta B"]
[BlackTeam "Lysa nad Labem"]

{[%evp 9,64,6,9,0,14,16,2,6,17,0,6,0,0,-2,5,-11,0,0,28,32,38,0,0,-37,-11,-101,-88,-110,-56,-61,-71,-55,-30,-106,-99,-108,-106,-120,-110,-108,-108,-441,-457,-452,-446,-366,-339,-451,-445,-575,-563,-684,-661,-651,-670,-900,-616]} 1. e4 c6 2. d4 d5 3. e5 c5 4. dxc5 e6 5. a3 (5. Nf3 Bxc5 6. a3 Ne7 7. Bd3 Ng6 8. O-O O-O 9. Nbd2 Nc6 10. b4 Bb6 11. Bxg6 fxg6 12. Nb3 Bd7 13. Re1 {1-0 (29) Anand,V (2773)-Mamedyarov,S (2817) Wijk aan Zee 2019}) 5... Bxc5 6. b4 {B12: Caro-Kann: Advance Variation} Bb6 7. Nf3 a5 8. b5 {The position is equal.} Ne7 (8... a4 {looks sharper.} 9. Bd3 Ba5+ 10. Bd2 Ne7 11. O-O Nd7) 9. Bd3 Nd7 10. O-O a4 11. Bd2 $146 ({Predecessor:} 11. Qe2 Nc5 12. Be3 Nxd3 13. Qxd3 Bxe3 14. Qxe3 {½-½ (42) Hilby,C (2445)-Prohaszka,P (2613) Burlingame 2019}) 11... Bc5 12. Qe2 Ng6 13. c4 O-O 14. cxd5 exd5 15. e6 Nf6 16. exf7+ Rxf7 17. Nc3 (17. Be3 $11 {remains equal.} Re7 18. Nc3) 17... Bg4 $17 18. Bg5 {[#]} Qd6 ({Better is} 18... Qd7 $1 $17 19. Bxg6 hxg6) 19. Bxg6 $15 hxg6 20. Rad1 Re8 21. Qd3 {[#]} (21. Qc2 $11) 21... Ne4 $1 $36 {[%cal Re4f2][%mdl 2048] Black has strong initiative.} ({Reject} 21... Bxa3 $6 22. Nxa4 Ne4 23. Qxd5 $15) 22. Nxe4 Rxe4 23. Qxd5 Qxd5 24. Rxd5 Bxa3 25. Ne5 $2 {[%mdl 8192]} (25. Be3 $17 Bxf3 26. gxf3 Rxf3 27. Rb1) 25... Be6 $19 26. Rd8+ Rf8 27. Rxf8+ Kxf8 28. Nxg6+ Kf7 {Black is clearly winning.} 29. Nf4 Bb2 30. Nxe6 Kxe6 ({Weaker is} 30... Rxe6 31. Bc1 $17) 31. Bc1 a3 32. f3 {Black must now prevent Bxb2.} Rc4 {Accuracy: White = 45%, Black = 47%.} 0-1